000 00509nam a2200205Ia 4500
005 20250923144344.0
008 008 250917s9999 xx 000 0 eng d
037 _aTextual
040 _aDSWL
_beng
_cDSWL
041 _aeng
_2eng
084 _qDSWL
100 _aHadfield, J.A
_9824037
245 0 _aPsychology and mental health
_cby J.A Hadfield
260 _aLondon
_c1950
300 _a444 p.
365 _aINR
_b18
925 _g18
942 _cTEXL
999 _c1437843
_d1437843